000 00902cam a22002413a 4500
001 12756
003 PGUSA
005 20140828083256.0
008 040628s2004||||xxu|||||s|||||000 | eng d
040 _aPGUSA
_beng
042 _adc
050 4 _aBP
100 1 _aBesant, Annie,
_d1847-1933
245 1 0 _aVier Voordrachten over Theosofie
_h[electronic resource] /
_cAnnie Besant
260 _bProject Gutenberg,
_c2004
505 0 _aDe Leeringen der Theosofie beschouwd uit een geschiedkundig oogpunt -- De Leeringen der Theosofie beschouwd uit een wetenschappelijk oogpunt -- Esoterisch Christendom -- Het verhaal van den Christus -- Aanhangsel: Inlichtingen over de Theosofische Vereeniging.
506 _aPublic domain in the USA.
516 _aElectronic text
653 _aTheosophy
830 0 _aProject Gutenberg
_v12756
856 4 0 _uhttp://www.gutenberg.org/ebooks/12756
942 _cEB
999 _c242011
_d242011